000 00595nam a22001457a 4500
999 _c532906
_d532906
008 260401b ||||| |||| 00| 0 eng d
100 _aDarwisheh, Housam
_959915
245 _a The great betrayal: The struggle for freedom and democracy in the middle East
260 _aThe Developing Economies
300 _a63(4), Dec, 2025: p.368-371
520 _a Fawaz A. Gerges, Princeton, NJ, Princeton University Press, 2025, xiv + 365 pp.- Reproduced https://onlinelibrary.wiley.com/doi/10.1111/deve.12449
773 _aThe Developing Economies
906 _aBOOK REVIEW
942 _cAR